Effect of direct seeding mulch based cropping system on soil fauna,(ឥទ្ធិពលនៃប្រព័ន្ធដំាដុះដំណាំគម្របដីទៅលើសត្វល្អិតក្នុងដី) (Record no. 1239)

000 -LEADER
fixed length control field 00599nam a22001577a 4500
003 - CONTROL NUMBER IDENTIFIER
control field OSt
005 - DATE AND TIME OF LATEST TRANSACTION
control field 20150925105541.0
008 - FIXED-LENGTH DATA ELEMENTS--GENERAL INFORMATION
fixed length control field 150925b xxu||||| |||| 00| 0 eng d
040 ## - CATALOGING SOURCE
Transcribing agency RUA
082 ## - DEWEY DECIMAL CLASSIFICATION NUMBER
Classification number AGR KY 2012 B052 Or.1
100 ## - MAIN ENTRY--PERSONAL NAME
9 (RLIN) 1313
Personal name KY SOVANNDARA
245 ## - TITLE STATEMENT
Title Effect of direct seeding mulch based cropping system on soil fauna,(ឥទ្ធិពលនៃប្រព័ន្ធដំាដុះដំណាំគម្របដីទៅលើសត្វល្អិតក្នុងដី)
260 ## - PUBLICATION, DISTRIBUTION, ETC. (IMPRINT)
Place of publication, distribution, etc. phnom penh
Name of publisher, distributor, etc. RUA
Date of publication, distribution, etc. 2012
300 ## - PHYSICAL DESCRIPTION
Extent xi, 50p.
Dimensions ill.
Size of unit 29cm.
942 ## - ADDED ENTRY ELEMENTS (KOHA)
Source of classification or shelving scheme
Koha item type AGR
Holdings
Price effective from Date last seen Permanent Location Not for loan Date acquired Source of classification or shelving scheme Koha item type Lost status Withdrawn status Date last checked out Total Checkouts Shelving location Damaged status Barcode Current Location Full call number
2015-09-252023-08-09Library Block B 2015-09-25 AGR  2023-07-282B052 RUA000666Library Block BAGR KY 2012 B052 Or.1
2015-09-252023-08-21Library Block B 2015-09-25 AGR  2023-08-074B052 RUA000303Library Block BAGR KY 2012 B052 Or.2
មជ្ឈមណ្ឌលឯការនៃសាកលវិទ្យាល័យភូមិន្ទកសិកម្មចំការដូង

Powered by Koha